000 00686nas a2200229 4500
001 BR9601539
003 BR-BrBNA
005 20231205094710.0
007 ta
008 230509b bl.|||p| |||| 00| 00por d
040 _aBR-BrBNA
_bpor
_cBiblioteca Nacional de Agricultura
041 _a(Pt)
072 _aL73
100 1 _aAycardi, J.
245 1 _aProfilaxia higienica e essencial para garantir uma criacao sadia
650 _aFrango de Corte
650 _aDoenca Respiratoria
650 _aProfilaxia
773 0 _tAgricultura e Pecuaria (Brazil)
_xISSN 6100-249x
_g(Sep 1972), no. 574 p. 11-13
_wBR9601539
909 _a202311
_bLúcia
_c55
_dLúcia Elande
942 _2AGRIS
_n0
_cANA
999 _c146221
_d146221